000 01508nam a2200289Ia 4500
003 Ost
005 20260416102354.0
008 260416s9999||||xx |||||||||||||| ||und||
040 _cfsecg
041 _aara
082 _a658.045
100 _aباحمد، أسماء
_eمؤلف
245 0 _aتسيير المؤسسة /
_c أسماء باحمد
260 _aالجزائر
_bجامعة الجزائر3: كلية العلوم الإقتصادية، العلوم التجارية وعلوم التسيير
_c2019
300 _a93 ورقة
_bايضاحات
_c30 سم
504 _aمراجع ص.90
520 _aمدخل عام للمؤسسة الاقتصادية، مدخل لتسيير المؤسسة، الوظائف التسييرية في المؤسسة، نظرية اتخاذ القرار في المؤسسة، الفعالية التنظيمية، إدارة الجودة الشاملة، إدارة التغيير التنظيمي في المؤسسة، المسؤولية الاجتماعية للمؤسسة.
653 _aاتخاذ القرارات
653 _aالتنظيم
653 _aالشركات
653 _aالشركات-إعادة التنظيم
653 _aالشركات-تنظيم و إدارة
653 _aالمسؤولية الاجتماعية
653 _aالوظائف
710 _aجامعة الجزائر3: كلية العلوم الإقتصادية، العلوم التجارية وعلوم التسيير
_eناشر علمي
942 _cHANDOUT
999 _c41131
_d41131